[Event "Junior Online 4NCL Division 2"]
[Site "online"]
[Date "2020.05.07"]
[Round "4.13"]
[White "Volovich, Andrew"]
[Black "Kavanagh, James"]
[Result "0-1"]
[WhiteElo "1480"]
[BlackElo "1719"]
[PlyCount "94"]
[EventDate "2020.05.07"]
[WhiteTeam "Cambridge Chess & Go A"]
[BlackTeam "A6 and Chill"]

1. e4 c5 2. Nf3 d6 3. Nc3 Nf6 4. Bc4 e6 5. Qe2 Be7 6. e5 dxe5 7. Nxe5 O-O 8.
Ne4 a6 9. a4 Qd4 10. Nxf6+ Bxf6 11. Nf3 Qd6 12. O-O Nc6 13. d3 b6 14. c3 Bb7
15. Bg5 Bxg5 16. Nxg5 Ne5 17. f4 Nxc4 18. dxc4 h6 19. Rad1 Qc6 20. Nf3 f6 21.
Rfe1 Rfe8 22. Rd3 Qxa4 23. Rd6 Bxf3 24. gxf3 e5 25. fxe5 Rxe5 26. Qd2 Rxe1+ 27.
Qxe1 Re8 28. Re6 Rd8 29. Qe2 Qd1+ 30. Qxd1 Rxd1+ 31. Kf2 Rd2+ 32. Ke3 Rxb2 33.
Re8+ Kf7 34. Ra8 a5 35. Ra7+ Kg6 36. h3 Rc2 37. Kd3 Rh2 38. Rb7 Rxh3 39. Ke3 h5
40. Rxb6 h4 41. Rb5 Rh1 42. Rxa5 h3 43. Rxc5 h2 44. Rd5 Re1+ 45. Kf4 h1=Q 46.
c5 Qh2+ 47. Kg4 Rg1# 0-1

[Event "Junior Online 4NCL Division 2"]
[Site "online"]
[Date "2020.05.07"]
[Round "4.14"]
[White "Hackett, William"]
[Black "Kopanitsa, Anton"]
[Result "0-1"]
[WhiteElo "1530"]
[BlackElo "1472"]
[PlyCount "108"]
[EventDate "2020.05.07"]
[WhiteTeam "A6 and Chill"]
[BlackTeam "Cambridge Chess & Go A"]

1. d4 Nf6 2. Bg5 e6 3. e4 h6 4. Bxf6 Qxf6 5. Nf3 b6 6. Nbd2 Be7 7. Bd3 g5 8. c3
Bb7 9. Qc2 d6 10. O-O-O g4 11. e5 Qg7 12. Ne1 Bg5 13. exd6 cxd6 14. Rf1 Nd7 15.
Kb1 d5 16. f3 h5 17. f4 Be7 18. f5 exf5 19. Bxf5 O-O-O 20. Nd3 Ba6 21. Rde1 Bg5
22. Nb3 Kb8 23. Bxd7 Rxd7 24. Re5 Bf6 25. Ref5 Rh6 26. R1f2 Re7 27. Re2 Rxe2
28. Qxe2 Bxd3+ 29. Qxd3 Qg6 30. Qc2 g3 31. h3 Rh8 32. Rxd5 Re8 33. Qxg6 fxg6
34. Rd6 Bh4 35. Rxg6 Re2 36. Nc1 Rxg2 37. Nd3 Rh2 38. Kc1 g2 39. Kd1 Rh1+ 40.
Ke2 g1=Q 41. Rxg1 Rxg1 42. Ne5 Ra1 43. a3 Ra2 44. Nd3 Be7 45. Kd2 Bxa3 46. Kc2
Be7 47. Kb1 Ra5 48. b4 Rg5 49. Ne5 Kc7 50. Kc2 Rg3 51. Kb3 Rxh3 52. Kc4 Rg3 53.
Nd3 h4 54. Nf2 h3 0-1

[Event "Junior Online 4NCL Division 2"]
[Site "online"]
[Date "2020.05.07"]
[Round "4.15"]
[White "Collins, Adam"]
[Black "Volovich, Julia"]
[Result "0-1"]
[WhiteElo "1760"]
[BlackElo "1892"]
[PlyCount "60"]
[EventDate "2020.05.07"]
[WhiteTeam "A6 and Chill"]
[BlackTeam "Cambridge Chess & Go A"]

1. e4 e6 2. Nf3 d5 3. Nc3 d4 4. Ne2 c5 5. c3 Nf6 6. e5 Nfd7 7. cxd4 cxd4 8.
Nexd4 Nxe5 9. Nxe5 Qxd4 10. Nf3 Qd6 11. d4 Nc6 12. Be3 Be7 13. Be2 O-O 14. O-O
b6 15. Qd2 Bb7 16. Rac1 Rfd8 17. Rfd1 Rac8 18. a3 Bf6 19. b4 h6 20. Bd3 Ne7 21.
Bf4 Qd7 22. Ne5 Qd5 23. Bf1 Rxc1 24. Qxc1 Rc8 25. Qd2 Nf5 26. f3 Qb3 27. Qd3
Rc3 28. Qb5 Qxd1 29. Qe8+ Kh7 30. Nxf7 Bxd4+ 0-1

[Event "Junior Online 4NCL Division 2"]
[Site "online"]
[Date "2020.05.07"]
[Round "4.16"]
[White "Linton, Alexander"]
[Black "O'cuilleanain, Oisin"]
[Result "0-1"]
[WhiteElo "1607"]
[BlackElo "1660"]
[PlyCount "70"]
[EventDate "2020.05.07"]
[WhiteTeam "Cambridge Chess & Go A"]
[BlackTeam "A6 and Chill"]

1. e4 e5 2. Nf3 Nc6 3. Bc4 Bc5 4. c3 Nf6 5. d3 d6 6. Bg5 a6 7. h3 h6 8. Bh4 Ba7
9. d4 g5 10. Bg3 Nxe4 11. dxe5 Nxg3 12. fxg3 dxe5 13. Qxd8+ Kxd8 14. Bxf7 e4
15. Nfd2 Rf8 16. Bd5 e3 17. Nf3 Bd7 18. Na3 Ne7 19. Bxb7 Rb8 20. Bxa6 Rxb2 21.
Be2 Bc6 22. Nc4 Rc2 23. Rd1+ Kc8 24. Rd3 Bb5 25. Nfe5 Rxa2 26. Rf1 Rf2 27. Rxf2
exf2+ 28. Kf1 Ra1+ 29. Rd1 Rxd1+ 30. Bxd1 Nd5 31. Bg4+ Kd8 32. Be2 Nxc3 33.
Nf7+ Ke7 34. Nxh6 Nxe2 35. Kxe2 Bxc4+ 0-1

[Event "Junior Online 4NCL Division 2"]
[Site "online"]
[Date "2020.05.07"]
[Round "4.17"]
[White "Kavanagh, James"]
[Black "Volovich, Andrew"]
[Result "1-0"]
[WhiteElo "1719"]
[BlackElo "1480"]
[PlyCount "127"]
[EventDate "2020.05.07"]
[WhiteTeam "A6 and Chill"]
[BlackTeam "Cambridge Chess & Go A"]

1. e4 e6 2. d4 d5 3. Nd2 c5 4. exd5 exd5 5. Ngf3 Nf6 6. Bb5+ Bd7 7. Bxd7+ Qxd7
8. O-O cxd4 9. Nb3 Be7 10. Re1 Nc6 11. Bg5 O-O 12. Nbxd4 Nxd4 13. Qxd4 h6 14.
Bh4 g5 15. Bg3 Rfe8 16. Rad1 a6 17. Ne5 Qb5 18. Ng4 Nxg4 19. Qxg4 Qxb2 20. Rxd5
Qxa2 21. Rde5 Qxc2 22. h4 Qc6 23. Rxe7 Rxe7 24. Rxe7 Qb5 25. Qh5 Qb1+ 26. Kh2
Rf8 27. hxg5 hxg5 28. Qxg5+ Qg6 29. Qxg6+ fxg6 30. Rxb7 Ra8 31. Rb6 Kf7 32. Kh3
a5 33. Rb3 a4 34. Ra3 Ke6 35. Kg4 Kf6 36. Bh4+ Kf7 37. Kf4 Ra5 38. Ke4 g5 39.
Bg3 Ke6 40. Kd4 Kf5 41. Kc4 Ra8 42. Kb4 Ke4 43. Rxa4 Rxa4+ 44. Kxa4 Kd3 45. Kb5
Ke4 46. Kc5 g4 47. Kd6 Kf5 48. Kd5 Kg5 49. Ke6 Kg6 50. Bf4 Kh5 51. Kf5 Kh4 52.
Bg3+ Kh5 53. f3 gxf3 54. gxf3 Kh6 55. Bd6 Kg7 56. Ke6 Kh7 57. f4 Kg6 58. f5+
Kh6 59. f6 Kg5 60. f7 Kg4 61. f8=Q Kh5 62. Qg8 Kh6 63. Kf6 Kh5 64. Qg5# 1-0

[Event "Junior Online 4NCL Division 2"]
[Site "online"]
[Date "2020.05.07"]
[Round "4.18"]
[White "Kopanitsa, Anton"]
[Black "Hackett, William"]
[Result "1-0"]
[WhiteElo "1472"]
[BlackElo "1530"]
[PlyCount "73"]
[EventDate "2020.05.07"]
[WhiteTeam "Cambridge Chess & Go A"]
[BlackTeam "A6 and Chill"]

1. b4 e5 2. Bb2 Bxb4 3. Bxe5 Nf6 4. Nf3 d6 5. Bb2 O-O 6. e3 Bg4 7. Be2 Nbd7 8.
O-O Re8 9. d3 d5 10. Nbd2 c6 11. h3 Bh5 12. Rb1 Bxd2 13. Qxd2 Qc7 14. g4 Bg6
15. g5 Nh5 16. Nh2 Ne5 17. Qd1 Ng3 18. fxg3 Nd7 19. Rf3 Ne5 20. Bxe5 Qxe5 21.
h4 d4 22. e4 h6 23. gxh6 gxh6 24. Ng4 Qg7 25. Nf6+ Kh8 26. Nxe8 Rxe8 27. Rxb7
Bh5 28. Rf2 Qxg3+ 29. Rg2 Qe3+ 30. Kh1 Bxe2 31. Qxe2 Qc1+ 32. Rg1 Qf4 33. Qg4
Qe5 34. Rxf7 h5 35. Rh7+ Kxh7 36. Qg6+ Kh8 37. Qh6# 1-0

[Event "Junior Online 4NCL Division 2"]
[Site "online"]
[Date "2020.05.07"]
[Round "4.21"]
[White "Moran, Hugh"]
[Black "Saunders, Aron"]
[Result "1-0"]
[WhiteElo "1673"]
[BlackElo "1765"]
[PlyCount "91"]
[EventDate "2020.05.07"]
[WhiteTeam "Gonzaga College SJ B"]
[BlackTeam "Downend Upstarts"]

1. e4 c6 2. d4 d5 3. exd5 cxd5 4. c4 Nf6 5. Nc3 Nc6 6. Nf3 Bg4 7. cxd5 Nxd5 8.
Qb3 Bxf3 9. gxf3 Nxc3 10. bxc3 e6 11. Qxb7 Qc8 12. Qxc8+ Rxc8 13. Bf4 Be7 14.
Ba6 Rd8 15. Bb5 Rc8 16. O-O O-O 17. Rab1 Na5 18. Rfc1 Nc4 19. Bxc4 Rxc4 20. Rb7
Ba3 21. Rc2 a5 22. Ra7 Bb4 23. Rc7 Rc8 24. Rxc8+ Rxc8 25. c4 Kf8 26. c5 Rc6 27.
Kf1 Ke7 28. Ke2 f6 29. Bd6+ Kd7 30. f4 Kc8 31. Kd3 Kb7 32. Rb2 Ka6 33. Rb3 Be1
34. Ke2 Bb4 35. a3 Rxd6 36. cxd6 Bxd6 37. Kf3 a4 38. Re3 Kb5 39. Ke4 f5+ 40.
Kf3 Kc4 41. Rxe6 Bxa3 42. Ra6 Kb5 43. Ra8 Bb2 44. Rb8+ Kc4 45. Rxb2 Kxd4 46.
Ra2 1-0

[Event "Junior Online 4NCL Division 2"]
[Site "online"]
[Date "2020.05.07"]
[Round "4.22"]
[White "Goodhew, Finn"]
[Black "McGlade, Emmet"]
[Result "1-0"]
[WhiteElo "1562"]
[BlackElo "1625"]
[PlyCount "111"]
[EventDate "2020.05.07"]
[WhiteTeam "Downend Upstarts"]
[BlackTeam "Gonzaga College SJ B"]

1. d4 Nf6 2. c4 c5 3. d5 e6 4. Nc3 exd5 5. cxd5 d6 6. e4 g6 7. f4 Bg7 8. Bb5+
Nfd7 9. Nf3 a6 10. Bd3 b5 11. a3 c4 12. Bc2 O-O 13. O-O Re8 14. Be3 Qc7 15. Bd4
Nc5 16. Bxg7 Kxg7 17. Qd4+ Kg8 18. Rae1 Bg4 19. h3 Bxf3 20. Rxf3 Nbd7 21. f5
Ne5 22. Rg3 Ned3 23. Ree3 Re5 24. b4 Nd7 25. Bxd3 cxd3 26. Rxd3 Rc8 27. fxg6
hxg6 28. Rdf3 Nb6 29. Rf6 Nc4 30. Rgf3 Nxa3 31. Qd2 Nc4 32. Qf4 Rf8 33. Rxg6+
fxg6 34. Qxf8+ Kh7 35. Qf6 Qg7 36. Qh4+ Kg8 37. Qd8+ Kh7 38. Qa8 Nd2 39. Rf4 g5
40. Rg4 Qe7 41. Qxa6 Nxe4 42. Nxe4 Rxe4 43. Rxe4 Qxe4 44. Qxd6 Qd4+ 45. Kh2 Kg7
46. Qe7+ Kg6 47. Qe6+ Kg7 48. d6 Qf4+ 49. Kg1 Qd4+ 50. Kf1 Qf4+ 51. Ke2 Qc4+
52. Qxc4 bxc4 53. d7 c3 54. d8=Q c2 55. Kd2 c1=Q+ 56. Kxc1 1-0

[Event "Junior Online 4NCL Division 2"]
[Site "online"]
[Date "2020.05.07"]
[Round "4.23"]
[White "O'laoide, Liam"]
[Black "Mullaney, William"]
[Result "1-0"]
[WhiteElo "1585"]
[BlackElo "1600"]
[PlyCount "65"]
[EventDate "2020.05.07"]
[WhiteTeam "Gonzaga College SJ B"]
[BlackTeam "Downend Upstarts"]

1. e4 c5 2. Nf3 g6 3. d4 cxd4 4. Nxd4 Bg7 5. Nc3 Nc6 6. Be3 Nf6 7. f3 O-O 8.
Qd2 d5 9. Nxc6 bxc6 10. exd5 cxd5 11. O-O-O Bb7 12. h4 e5 13. Bh6 d4 14. Bxg7
Kxg7 15. Nb1 Bd5 16. a3 Rc8 17. Bd3 e4 18. fxe4 Nxe4 19. Qf4 Re8 20. Rhe1 f5
21. h5 Qd6 22. Rxe4 Qxf4+ 23. Rxf4 Bxg2 24. Rxd4 Rc7 25. Rg1 Be4 26. Bxe4 Rxe4
27. Rxe4 fxe4 28. hxg6 hxg6 29. Kd2 Kf6 30. Nc3 Kf5 31. Re1 Re7 32. Rf1+ Kg4
33. Ke3 1-0

[Event "Junior Online 4NCL Division 2"]
[Site "online"]
[Date "2020.05.07"]
[Round "4.24"]
[White "Ahmed, Bilal"]
[Black "Hunter, Sean"]
[Result "1-0"]
[WhiteElo "1570"]
[BlackElo "1582"]
[PlyCount "125"]
[EventDate "2020.05.07"]
[WhiteTeam "Downend Upstarts"]
[BlackTeam "Gonzaga College SJ B"]

1. e4 e5 2. Nf3 Nc6 3. Bb5 Nf6 4. d3 d6 5. h3 Be7 6. O-O O-O 7. Nc3 a6 8. Ba4
b5 9. Bb3 Na5 10. Be3 Nxb3 11. axb3 c5 12. Nxb5 Be6 13. Nc3 Nd7 14. Nd5 Bxd5
15. exd5 f5 16. Bd2 Nf6 17. c4 Qe8 18. Ng5 Qg6 19. Ne6 Rf7 20. b4 cxb4 21. Bxb4
f4 22. Qf3 h6 23. Ra3 Nh7 24. Rfa1 Ng5 25. Nxg5 Qxg5 26. Rxa6 Rxa6 27. Rxa6 Rf6
28. Ra8+ Kf7 29. Bc3 Rg6 30. b4 Qf5 31. b5 Qd7 32. d4 e4 33. Qxf4+ Bf6 34. Kh1
Qb7 35. Ra6 Kg8 36. Rxd6 Bg5 37. Qh2 Bf6 38. Ra6 Qe7 39. d6 Qe6 40. b6 e3 41.
b7 exf2 42. b8=Q+ Kh7 43. Ra1 Bxd4 44. Bxd4 Qe1+ 45. Rxe1 fxe1=Q+ 46. Qg1 Qg3
47. Qf8 Qd3 48. d7 Qxc4 49. d8=Q Rc6 50. Qh8+ Kg6 51. Qxg7+ Kf5 52. Qdf8+ Ke4
53. Qe5+ Kd3 54. Qf3+ Kc2 55. Qee2+ Qxe2 56. Qxe2+ Kb3 57. Qgd1+ Kb4 58. Qb2+
Kc4 59. Qdc1+ Kd5 60. Qb5+ Kd6 61. Qcxc6+ Ke7 62. Qbb7+ Kf8 63. Qcc8# 1-0

[Event "Junior Online 4NCL Division 2"]
[Site "online"]
[Date "2020.05.07"]
[Round "4.25"]
[White "Saunders, Aron"]
[Black "Moran, Hugh"]
[Result "1-0"]
[WhiteElo "1765"]
[BlackElo "1673"]
[PlyCount "117"]
[EventDate "2020.05.07"]
[WhiteTeam "Downend Upstarts"]
[BlackTeam "Gonzaga College SJ B"]

1. e4 d6 2. d4 Nf6 3. Nc3 e5 4. dxe5 dxe5 5. Qxd8+ Kxd8 6. Nf3 Bd6 7. Bc4 Be6
8. Bxe6 fxe6 9. O-O c6 10. Ng5 Ke7 11. f4 exf4 12. Bxf4 Bxf4 13. Rxf4 e5 14.
Rf5 Nbd7 15. Nf3 Ke6 16. Rg5 g6 17. Rf1 Raf8 18. Kf2 Nh5 19. g3 Rf7 20. Ke2
Rhf8 21. a3 a5 22. Na2 Nhf6 23. Nc1 Nxe4 24. Rg4 Nef6 25. Ng5+ Ke7 26. Rh4 Rg7
27. Nd3 Kd6 28. Rd1 Kc7 29. Nf2 Nc5 30. b4 axb4 31. axb4 h6 32. Rxh6 Ng8 33.
bxc5 Nxh6 34. Ne6+ Kc8 35. Nxf8 Rf7 36. Ne6 Kb8 37. Ng5 Re7 38. Nfe4 Nf5 39. c3
Kc7 40. g4 Nh6 41. h3 Ng8 42. Nd6 Nf6 43. Nge4 Nd5 44. Kf3 Rh7 45. Ng5 Re7 46.
Nge4 Rh7 47. Kg3 Nf4 48. Rd2 Rxh3+ 49. Kf2 Rh2+ 50. Kg3 Rh3+ 51. Kf2 Rh2+ 52.
Kg1 Rh4 53. g5 Rg4+ 54. Kf1 Ne6 55. Ne8+ Kb8 56. N8f6 Rf4+ 57. Kg2 Nxg5 58.
Nd7+ Ka7 59. Ra2# 1-0

[Event "Junior Online 4NCL Division 2"]
[Site "online"]
[Date "2020.05.07"]
[Round "4.26"]
[White "McGlade, Emmet"]
[Black "Goodhew, Finn"]
[Result "1-0"]
[WhiteElo "1625"]
[BlackElo "1562"]
[PlyCount "165"]
[EventDate "2020.05.07"]
[WhiteTeam "Gonzaga College SJ B"]
[BlackTeam "Downend Upstarts"]

1. e4 e6 2. d4 d5 3. Nc3 dxe4 4. Nxe4 Nd7 5. Nf3 Ngf6 6. Nxf6+ Nxf6 7. Bd3 c5
8. dxc5 Bxc5 9. O-O O-O 10. Qe2 h6 11. Bd2 Qe7 12. Bc3 Bd7 13. Rad1 Bc6 14. Ne5
Nd5 15. Nxc6 bxc6 16. Be5 f6 17. Qg4 fxe5 18. Qg6 Nf6 19. Rfe1 e4 20. Bc4 Nd5
21. Rf1 e3 22. fxe3 Bxe3+ 23. Kh1 Rxf1+ 24. Rxf1 Nf6 25. Re1 Nd5 26. Bd3 Nf6
27. Rxe3 Qf7 28. Qg3 Rf8 29. Re1 Nh5 30. Qe3 Re8 31. Rf1 Qe7 32. Bg6 Rf8 33.
Rxf8+ Qxf8 34. Bxh5 Qd6 35. Be2 Qd7 36. Qd3 Qe7 37. Bf3 c5 38. h3 Kf7 39. Qe3
Qd6 40. Qd3 Qe7 41. Bh5+ Kg8 42. Qg6 Kf8 43. Qh7 Qf6 44. Qh8+ Ke7 45. Qe8+ Kd6
46. Bf3 Qxb2 47. Qc6+ Ke5 48. Qxc5+ Kf6 49. Qc4 Qc1+ 50. Kh2 Qb2 51. Qe4 Qb8+
52. g3 Qb2 53. Bg4 Qxa2 54. Qf4+ Ke7 55. Qc7+ Kf6 56. Qc3+ Kg6 57. Qb3 Qa6 58.
Qxe6+ Qxe6 59. Bxe6 Kf6 60. Bc4 Ke5 61. Bb5 Kd5 62. c4+ Kc5 63. Kg2 Kb6 64. Kf3
a5 65. Kf4 Kc5 66. Kf5 Kb4 67. Kg6 a4 68. Bxa4 Kxa4 69. c5 Kb5 70. Kxg7 Kxc5
71. Kxh6 Kd5 72. g4 Ke5 73. g5 Ke6 74. g6 Kd7 75. g7 Kc7 76. g8=Q Kb7 77. Qc4
Kb8 78. Kg6 Kb7 79. Kf6 Ka7 80. Qb3 Ka8 81. Ke6 Ka7 82. Kd6 Ka8 83. Kc6 1-0

[Event "Junior Online 4NCL Division 2"]
[Site "online"]
[Date "2020.05.07"]
[Round "4.27"]
[White "Mullaney, William"]
[Black "O'laoide, Liam"]
[Result "0-1"]
[WhiteElo "1600"]
[BlackElo "1585"]
[PlyCount "76"]
[EventDate "2020.05.07"]
[WhiteTeam "Downend Upstarts"]
[BlackTeam "Gonzaga College SJ B"]

1. d4 Nf6 2. Bf4 g6 3. e3 Bg7 4. Nf3 O-O 5. Bd3 d6 6. Nbd2 c5 7. c3 Nc6 8. O-O
Re8 9. Nc4 b5 10. Ncd2 a6 11. dxc5 dxc5 12. Ne4 Nxe4 13. Bxe4 Bb7 14. Qxd8
Raxd8 15. Bc7 Rd7 16. Bb6 c4 17. Rfd1 Rxd1+ 18. Rxd1 f5 19. Bd5+ e6 20. Bxc6
Bxc6 21. Rd6 Bd5 22. Bd4 Bxd4 23. exd4 Bb7 24. Ne5 Kf8 25. Rb6 Bc8 26. Rb8 Ke7
27. Ra8 Kd6 28. Ra7 Re7 29. Rxe7 Kxe7 30. f3 Kd6 31. Kf2 a5 32. a3 Kd5 33. Kg3
b4 34. axb4 axb4 35. Kh4 bxc3 36. bxc3 Kd6 37. Kg5 Ke7 38. Kh6 Kf6 0-1

[Event "Junior Online 4NCL Division 2"]
[Site "online"]
[Date "2020.05.07"]
[Round "4.28"]
[White "Hunter, Sean"]
[Black "Ahmed, Bilal"]
[Result "1-0"]
[WhiteElo "1582"]
[BlackElo "1570"]
[PlyCount "61"]
[EventDate "2020.05.07"]
[WhiteTeam "Gonzaga College SJ B"]
[BlackTeam "Downend Upstarts"]

1. e4 c5 2. Nf3 e6 3. d4 cxd4 4. Nxd4 Nf6 5. Nc3 d6 6. Be3 Be7 7. f3 Nc6 8. Qd2
O-O 9. O-O-O a6 10. g4 Qc7 11. h4 b5 12. h5 Bb7 13. g5 Nd7 14. f4 Rac8 15. Bd3
b4 16. Nce2 a5 17. Rdg1 Nc5 18. Kb1 Nxd3 19. cxd3 Ba6 20. f5 exf5 21. exf5 Ne5
22. Nf4 Bb7 23. Rh3 b3 24. a3 Rfe8 25. f6 Bf8 26. g6 a4 27. h6 gxf6 28. gxh7+
Kxh7 29. Nh5 f5 30. Nf6+ Kh8 31. Rg8# 1-0

[Event "Junior Online 4NCL Division 2"]
[Site "online"]
[Date "2020.05.07"]
[Round "4.31"]
[White "Pal, Rohan"]
[Black "Dasgupta, Avyukt"]
[Result "0-1"]
[WhiteElo "1772"]
[BlackElo "1585"]
[PlyCount "78"]
[EventDate "2020.05.07"]
[WhiteTeam "Hallfield School A"]
[BlackTeam "Watford 1"]

1. e4 e6 2. d4 d5 3. Nc3 dxe4 4. Nxe4 Bd7 5. Nf3 Bc6 6. Bd3 Be7 7. Ng3 Nf6 8.
O-O O-O 9. c3 Nbd7 10. Qe2 a6 11. Ne5 Nxe5 12. dxe5 Qd5 13. f4 Bc5+ 14. Be3
Bxe3+ 15. Qxe3 Ng4 16. Qe2 Qc5+ 17. Kh1 Ne3 18. Rg1 Rad8 19. Ne4 Bxe4 20. Bxe4
Rd7 21. Rae1 Nc4 22. Qh5 g6 23. Qe2 Rd2 24. Qf3 Rxb2 25. Bxb7 Rxa2 26. Ra1 Nd2
27. Qd3 Rb2 28. Bxa6 Rfb8 29. Rad1 Nb1 30. Bc4 Na3 31. Ba6 R2b6 32. g4 Ra8 33.
f5 Raxa6 34. Qd8+ Qf8 35. Qg5 Qa8+ 36. Rg2 Rb2 37. Rdg1 Rxg2 38. Rxg2 Nc4 39.
f6 Ra1+ 0-1

[Event "Junior Online 4NCL Division 2"]
[Site "online"]
[Date "2020.05.07"]
[Round "4.32"]
[White "Nagda, Maanav"]
[Black "Monga, Kanav"]
[Result "1-0"]
[WhiteElo "1600"]
[BlackElo "1645"]
[PlyCount "63"]
[EventDate "2020.05.07"]
[WhiteTeam "Watford 1"]
[BlackTeam "Hallfield School A"]

1. d4 d5 2. Nc3 e6 3. e4 Nf6 4. Bg5 Be7 5. e5 Nfd7 6. Bxe7 Qxe7 7. Nf3 O-O 8.
Be2 c5 9. Nb5 a6 10. Nd6 f6 11. Nxc8 Rxc8 12. dxc5 Qxc5 13. exf6 Nxf6 14. c3
Ne4 15. O-O Rf8 16. Bd3 Nc6 17. Qe2 Rae8 18. Bxe4 dxe4 19. Qxe4 Rf6 20. Rfe1
Ne7 21. Re3 Nd5 22. Rd3 Kh8 23. Qd4 Qb5 24. c4 e5 25. cxb5 exd4 26. Rxd4 Nf4
27. Kf1 axb5 28. Rad1 Rff8 29. Rd7 Rb8 30. Ne5 b6 31. R7d6 Rbe8 32. Nd7 1-0

[Event "Junior Online 4NCL Division 2"]
[Site "online"]
[Date "2020.05.07"]
[Round "4.33"]
[White "Amir, Zain"]
[Black "Morrell, Sean"]
[Result "0-1"]
[WhiteElo "1562"]
[BlackElo "1480"]
[PlyCount "120"]
[EventDate "2020.05.07"]
[WhiteTeam "Hallfield School A"]
[BlackTeam "Watford 1"]

1. c4 e6 2. Nc3 Nf6 3. g3 d5 4. cxd5 exd5 5. d4 c6 6. Bg2 Bd6 7. Nf3 Bf5 8. Qb3
Qb6 9. Bg5 Nbd7 10. O-O O-O 11. Rac1 Rfe8 12. Rfe1 h6 13. Be3 Qxb3 14. axb3 a5
15. Ra1 Ne4 16. Nxe4 Bxe4 17. Bd2 Bb4 18. Bxb4 axb4 19. Nd2 Bxg2 20. Kxg2 Rxa1
21. Rxa1 Rxe2 22. Ra8+ Kh7 23. Nf3 Rxb2 24. Ra7 Nf6 25. Rxb7 Rxb3 26. Ne5 Ne4
27. Nxc6 Rb2 28. Rxf7 b3 29. Rb7 Rxf2+ 30. Kg1 b2 31. Ne7 Rc2 32. Nxd5 Rc1+ 33.
Kg2 b1=Q 34. Rxb1 Rxb1 35. Kf3 Nf6 36. Nf4 Rb3+ 37. Kf2 Ne4+ 38. Kg2 Nd6 39. d5
g5 40. Ne6 Rb5 41. Nc7 Rc5 42. Ne6 Rxd5 43. Nf8+ Kg7 44. Ne6+ Kf6 45. Nc7 Rd2+
46. Kh3 h5 47. g4 Rd3+ 48. Kg2 hxg4 49. Ne8+ Nxe8 50. Kf2 Kf5 51. Kg2 Kf4 52.
Kf2 g3+ 53. hxg3+ Rxg3 54. Ke2 Rf3 55. Kd2 g4 56. Ke2 g3 57. Kd2 g2 58. Ke2
g1=Q 59. Kd2 Qg2+ 60. Ke1 Rf1# 0-1

[Event "Junior Online 4NCL Division 2"]
[Site "online"]
[Date "2020.05.07"]
[Round "4.34"]
[White "Demjan, Denisz"]
[Black "Miller, Kai"]
[Result "0-1"]
[WhiteElo "1345"]
[BlackElo "1390"]
[PlyCount "40"]
[EventDate "2020.05.07"]
[WhiteTeam "Watford 1"]
[BlackTeam "Hallfield School A"]

1. e4 e5 2. Nf3 Nc6 3. d4 exd4 4. Nxd4 Bc5 5. Nxc6 bxc6 6. Nc3 Ne7 7. Bg5 f6 8.
Bh4 O-O 9. Bc4+ d5 10. exd5 cxd5 11. Nxd5 Nxd5 12. Qxd5+ Kh8 13. Qxc5 Re8+ 14.
Be2 Ba6 15. c4 c6 16. Qxc6 Qa5+ 17. Kd1 Rad8+ 18. Kc1 Qd2+ 19. Kb1 Rxe2 20. Qa4
Qxb2# 0-1

[Event "Junior Online 4NCL Division 2"]
[Site "online"]
[Date "2020.05.07"]
[Round "4.35"]
[White "Dasgupta, Avyukt"]
[Black "Pal, Rohan"]
[Result "1-0"]
[WhiteElo "1585"]
[BlackElo "1772"]
[PlyCount "49"]
[EventDate "2020.05.07"]
[WhiteTeam "Watford 1"]
[BlackTeam "Hallfield School A"]

1. e4 e5 2. f4 Bc5 3. Nf3 d6 4. c3 Nf6 5. d4 exd4 6. cxd4 Bb6 7. Nc3 d5 8. e5
Ne4 9. Bd3 Nc6 10. Be3 Bg4 11. Nxe4 dxe4 12. Bxe4 Bxf3 13. Qxf3 Nxd4 14. Bxd4
Qxd4 15. Rd1 Ba5+ 16. Kf1 Qc4+ 17. Bd3 Qxa2 18. Bb5+ Kf8 19. Qxb7 Ke7 20. Rd7+
Ke6 21. Qc6+ Kf5 22. Bd3+ Kxf4 23. Qe4+ Kg5 24. h4+ Kh6 25. Qf4+ 1-0

[Event "Junior Online 4NCL Division 2"]
[Site "online"]
[Date "2020.05.07"]
[Round "4.36"]
[White "Monga, Kanav"]
[Black "Nagda, Maanav"]
[Result "1-0"]
[WhiteElo "1645"]
[BlackElo "1600"]
[PlyCount "145"]
[EventDate "2020.05.07"]
[WhiteTeam "Hallfield School A"]
[BlackTeam "Watford 1"]

1. d4 e6 2. Bf4 Nf6 3. e3 d6 4. Bd3 c5 5. c3 Nc6 6. Nf3 Be7 7. Nbd2 O-O 8. e4
cxd4 9. cxd4 Re8 10. Bc2 Bf8 11. e5 dxe5 12. dxe5 Nd5 13. Bxh7+ Kh8 14. Ng5 Qd7
15. Qh5 Bc5 16. Bg6+ Kg8 17. Bxf7+ Kf8 18. Nh7+ Ke7 19. Bg5+ Nf6 20. exf6+ Kd8
21. fxg7+ Kc7 22. Bxe8 Qxg7 23. Qf7+ Qxf7 24. Bxf7 Bd7 25. O-O Rh8 26. Nf6 Bd6
27. h3 Be7 28. Rad1 Bxf6 29. Bxf6 Rf8 30. Bxe6 Bxe6 31. Ne4 Bf5 32. Rfe1 Bxe4
33. Rxe4 Rxf6 34. Rh4 Rf7 35. Rh6 Ne5 36. Re6 Nc6 37. Rde1 Rd7 38. R1e2 Nd4 39.
R6e4 Nxe2+ 40. Rxe2 Rg7 41. g3 Rh7 42. h4 a6 43. Kg2 b5 44. Kh3 a5 45. g4 b4
46. h5 a4 47. Kh4 Kd6 48. g5 Rf7 49. g6 Rf4+ 50. Kg5 Rd4 51. h6 Rd3 52. h7 Rh3
53. g7 Rxh7 54. Kg6 Rh1 55. Kf7 Rg1 56. g8=Q Rxg8 57. Kxg8 Kd5 58. f4 Kd4 59.
f5 b3 60. axb3 axb3 61. f6 Kd3 62. Rh2 Kd4 63. f7 Ke5 64. f8=Q Kd4 65. Qb4+ Kd5
66. Qxb3+ Ke4 67. Rh4+ Ke5 68. Qb5+ Ke6 69. Rh6+ Ke7 70. Qb7+ Ke8 71. Qf7+ Kd8
72. Re6 Kc8 73. Re8# 1-0

[Event "Junior Online 4NCL Division 2"]
[Site "online"]
[Date "2020.05.07"]
[Round "4.37"]
[White "Morrell, Sean"]
[Black "Amir, Zain"]
[Result "1-0"]
[WhiteElo "1480"]
[BlackElo "1562"]
[PlyCount "95"]
[EventDate "2020.05.07"]
[WhiteTeam "Watford 1"]
[BlackTeam "Hallfield School A"]

1. e4 Nc6 2. Nf3 d6 3. d4 Nf6 4. Bd3 Bg4 5. Be3 e6 6. h3 Bh5 7. O-O Be7 8. Nbd2
O-O 9. c4 e5 10. d5 Nb8 11. b4 c6 12. Rc1 Qd7 13. a4 a6 14. b5 axb5 15. dxc6
bxc6 16. cxb5 cxb5 17. Bxb5 Qb7 18. Qc2 Bxf3 19. gxf3 d5 20. Qc7 Qxc7 21. Rxc7
Bd6 22. Rb7 dxe4 23. Nxe4 Nxe4 24. fxe4 Na6 25. Rb6 Nc5 26. Rxd6 Nxe4 27. Ra6
Nc3 28. Rxa8 Rxa8 29. Rc1 Nxb5 30. axb5 Rb8 31. b6 Kf8 32. Rc7 Ke8 33. b7 Kd8
34. Rxf7 g6 35. Rxh7 g5 36. Bb6+ Ke8 37. Rh8+ Kd7 38. Rxb8 Kc6 39. Be3 g4 40.
hxg4 Kc7 41. Rf8 Kxb7 42. g5 Kc6 43. g6 Kd7 44. g7 Ke7 45. g8=Q Kd6 46. Rf6+
Ke7 47. Qg7+ Ke8 48. Rf8# 1-0

[Event "Junior Online 4NCL Division 2"]
[Site "online"]
[Date "2020.05.07"]
[Round "4.38"]
[White "Miller, Kai"]
[Black "Demjan, Denisz"]
[Result "0-1"]
[WhiteElo "1390"]
[BlackElo "1345"]
[PlyCount "72"]
[EventDate "2020.05.07"]
[WhiteTeam "Hallfield School A"]
[BlackTeam "Watford 1"]

1. e4 e5 2. Nf3 Nc6 3. Bc4 h6 4. Nc3 d6 5. h3 f5 6. exf5 Bxf5 7. d3 Qe7 8. a4
Nd4 9. Nd5 Qd7 10. c3 Nc6 11. Be3 Nf6 12. Nxf6+ gxf6 13. Qd2 d5 14. Bb5 a6 15.
Bxc6 Qxc6 16. Nh4 Qe6 17. Nxf5 Qxf5 18. O-O h5 19. b4 Qg6 20. c4 d4 21. Bxd4
exd4 22. Rfe1+ Be7 23. Qe2 Qg7 24. Qe4 c6 25. Qxd4 Rg8 26. g3 f5 27. Qc5 f4 28.
Rxe7+ Qxe7 29. Qxh5+ Kd8 30. Qa5+ Kd7 31. Qb6 Kc8 32. Kh2 fxg3+ 33. fxg3 Qe2+
34. Kh1 Qf3+ 35. Kh2 Qxg3+ 36. Kh1 Qg2# 0-1

[Event "Junior Online 4NCL Division 2"]
[Site "online"]
[Date "2020.05.07"]
[Round "4.41"]
[White "Shek, Daniel"]
[Black "Molostvov, Dmitry M"]
[Result "0-1"]
[WhiteElo "1727"]
[BlackElo "1592"]
[PlyCount "82"]
[EventDate "2020.05.07"]
[WhiteTeam "Marshall Artists"]
[BlackTeam "Brentwood 1"]

1. d4 Nf6 2. c4 g6 3. Nc3 Bg7 4. e4 d6 5. h3 O-O 6. Be3 e5 7. d5 a5 8. Qd2 Na6
9. a3 Nd7 10. Nge2 Nac5 11. h4 Nb3 12. Qd1 Nxa1 13. Qxa1 h5 14. f3 Nc5 15. Bxc5
dxc5 16. Qd1 Bd7 17. Kf2 Ra6 18. Nc1 c6 19. Be2 cxd5 20. Nxd5 Be6 21. Qc2 f5
22. Ke1 fxe4 23. fxe4 Rd6 24. Nb3 b6 25. Bf3 Bxd5 26. exd5 Rf4 27. Nd2 Rxh4 28.
Rf1 Bh6 29. Ne4 Rd7 30. d6 Bf8 31. Qc3 Rxe4+ 32. Bxe4 Qh4+ 33. Rf2 Qxe4+ 34.
Kf1 Rxd6 35. Re2 Qf4+ 36. Rf2 Rd1+ 37. Ke2 Qg4+ 38. Ke3 Bh6+ 39. Rf4 Bxf4+ 40.
Kf2 Rd2+ 41. Kf1 Qd1# 0-1